| 000 | 01336nam a2200349 c 4500 | ||
|---|---|---|---|
| 001 | 58503 | ||
| 003 | CO-BoRNBP | ||
| 005 | 20250825160228.0 | ||
| 007 | ta | ||
| 008 | 210831r20152018ck er 000 0dspa d | ||
| 020 | _a9789588931999 | ||
| 040 |
_aCO-BoRNBP _bspa _erda _cCO-BoRNBP |
||
| 041 | 0 | _aspa | |
| 082 | 0 | 4 |
_a303.6 _bP17h _222 |
| 100 |
_aPatiño, Otty, _d1945- _eaut _963377 |
||
| 245 | 1 | 0 |
_aHistoria privada de la violencia : _bLa crisis colombiana de mediados del siglo XX contada por los descendientes de sus protagonistas / _cOtty Patiño. |
| 250 |
_aPrimera edición _bPrimera reimpresión |
||
| 264 | 1 |
_aBogotá, Colombia : _bPenguin Random House, _c2018 |
|
| 300 | _a336 páginas | ||
| 336 |
_atexto _btxt _2rdacontent |
||
| 337 |
_asin mediación _bn _2rdamedia |
||
| 338 |
_avolumen _bnc _2rdacarrier |
||
| 504 | _aBibliografía: páginas 327-336 | ||
| 505 | 0 | _aLa caída -- El magnicidio -- El levantamiento -- El golpe | |
| 521 | _aRecomendado para un público adulto | ||
| 545 | _aIncluye datos biográficos del autor en la solapa | ||
| 650 | 0 | 7 |
_aViolencia _xAspectos sociales _zColombia _2LEMB _963378 |
| 650 | 0 | 7 |
_aGuerrillas _zColombia _ySiglo XX _2LEMB _963379 |
| 650 | 0 | 7 |
_aConflicto Armado _xHistoria _2LEMB _963380 |
| 651 | 0 |
_aColombia _xHistoria _xPeriodo de la violencia _y1947-1957 _962993 |
|
| 942 |
_2ddc _cBK |
||
| 999 |
_c58503 _d58503 |
||